书目信息 |
| 题名: |
精确打击武器系统论
|
|
| 作者: | 为伍 著 | |
| 分册: | ||
| 出版信息: | 北京 北京理工大学出版社 2021.11 |
|
| 页数: | 207页 | |
| 开本: | 24cm | |
| 丛书名: | ||
| 单 册: | ||
| 中图分类: | TJ765.3 | |
| 科图分类: | ||
| 主题词: | 制导武器--zhi dao wu qi--科技发展--研究--世界 | |
| 电子资源: | ||
| ISBN: | 978-7-5763-0701-6 | |
| 000 | 01191nam0 2200253 450 | |
| 001 | 2274093497 | |
| 005 | 20220915203527.54 | |
| 010 | @a978-7-5763-0701-6@dCNY108.00 | |
| 100 | @a20211228d2021 em y0chiy50 ea | |
| 101 | 0 | @achi |
| 102 | @aCN@b110000 | |
| 105 | @aa a 000yy | |
| 200 | 1 | @a精确打击武器系统论@Ajing que da ji wu qi xi tong lun@d= The system theory of precision strike weapon@f为伍著@zeng |
| 210 | @a北京@c北京理工大学出版社@d2021.11 | |
| 215 | @a207页@c图@d24cm | |
| 314 | @a为伍, 在国防和武器装备领域工作40多年, 在战略研究、顶层规划、装备创新和发展、装备和专项管理, 以及相关作战理论和作战运用研究等方面, 具有较深的造诣。 | |
| 320 | @a有书目 (第206-207页) | |
| 330 | @a本书分析了精确打击武器系统的本质特征, 揭示了其本质表征, 剖析了美俄等传统军事强国精确打击武器系统的发展演变规律和特点, 作者及其研究团队结合多年科研工作和研究成果, 总结和阐释了精确打击武器系统的基本概念、组成、分类、演变历史以及对我国武器系统发展的启示。 | |
| 510 | 1 | @aSystem theory of precision strike weapon@zeng |
| 606 | 0 | @a制导武器@Azhi dao wu qi@x科技发展@x研究@y世界 |
| 690 | @aTJ765.3@v5 | |
| 701 | 0 | @a为伍@Awei wu@4著 |
| 801 | 0 | @aCN@b人天书店@c20211228 |
| 905 | @aZUCC@dTJ765.3@e1 | |
| 精确打击武器系统论= The system theory of precision strike weapon/为伍著.-北京:北京理工大学出版社,2021.11 |
| 207页:图;24cm |
| ISBN 978-7-5763-0701-6:CNY108.00 |
| 本书分析了精确打击武器系统的本质特征, 揭示了其本质表征, 剖析了美俄等传统军事强国精确打击武器系统的发展演变规律和特点, 作者及其研究团队结合多年科研工作和研究成果, 总结和阐释了精确打击武器系统的基本概念、组成、分类、演变历史以及对我国武器系统发展的启示。 |
| ● |
| 相关链接 |
|
|
|
正题名:精确打击武器系统论
索取号:TJ765.3/1
 
预约/预借
| 序号 | 登录号 | 条形码 | 馆藏地/架位号 | 状态 | 备注 |
| 1 | 2000892736 | 2000892736 | 第三书库/ [索取号:TJ765.3/1] | 在馆 | |
| 2 | 2000892737 | 2000892737 | 第三书库/ [索取号:TJ765.3/1] | 在馆 | |
| 3 | 2000892738 | 2000892738 | 第三书库/ [索取号:TJ765.3/1] | 在馆 |